logo

Bir Sreshtho Munshi Abdur Rouf Library
Jhenaidah Cadet College

Prison Diaries / (Record no. 11322)

MARC details
000 -LEADER
fixed length control field 00609nam a22002417a 4500
001 - CONTROL NUMBER
JCCL Control Number 11322
003 - CONTROL NUMBER IDENTIFIER
JCCL marc code BD-JhCC
005 - DATE AND TIME OF LATEST TRANSACTION
control field 20200211134008.0
008 - FIXED-LENGTH DATA ELEMENTS--GENERAL INFORMATION
fixed length control field 190625b 2018bg a|||| ||a| 001 0 eng d
020 ## - INTERNATIONAL STANDARD BOOK NUMBER
International Standard Book Number 9840757229
035 ## - SYSTEM CONTROL NUMBER
system control number (BD-JhCC)11322
040 ## - CATALOGING SOURCE
Original cataloging agency BD-JhCC
Modifying agency BD-JhCC
041 ## - LANGUAGE CODE
Language code of Book eng
082 ## - DEWEY DECIMAL CLASSIFICATION NUMBER
Author mark and Year RAH 2018
Classification number 923.1
100 ## - MAIN ENTRY--PERSONAL NAME
Personal name Rahman, Sheikh Mujibur
245 ## - TITLE STATEMENT
Title Prison Diaries /
Statement of responsibility, etc Sheikh Mujibur Rahman.
260 ## - PUBLICATION, DISTRIBUTION, ETC. (IMPRINT)
Place of publication, distribution, etc Dhaka
Name of publisher, distributor, etc Bangla Academy
Date of publication, distribution, etc 2018
300 ## - PHYSICAL DESCRIPTION
Pagination 360 P, :
Other physical details ill
Dimensions 24 cm
600 ## - SUBJECT ADDED ENTRY--PERSONAL NAME
Personal name Rahaman, Mujibur
650 ## - SUBJECT ADDED ENTRY--TOPICAL TERM
Topical term or geographic name as entry element Biography
942 ## - ADDED ENTRY ELEMENTS (KOHA)
Source of classification or shelving scheme Dewey Decimal Classification
Koha item type Books
Koha issues (borrowed), all copies 2
Holdings
Source of classification or shelving scheme Damaged status Not for loan Home library Current library Shelving location Date of accession Cost, normal purchase price Total Checkouts Full call number Barcode Date last seen Date checked out Copy number Koha item type
Dewey Decimal Classification     JCC Rouf Library JCC Rouf Library General Stacks 06/25/2019 500.00 1 923.1 RAH 2018 15121 02/27/2020 02/10/2020 C-1 Books

JCC Library | Contacts | JCC Home

Last Update on 23 September 2017
Copyright @ 2017-2020 JCC Rouf Library
Rouf Library, Jhenidah Cadet College (JCC), Bangladesh